书目信息 |
| 题名: |
中国古建筑照明设计与技术研究
|
|
| 作者: | 杨自强 著 | |
| 分册: | ||
| 出版信息: | 北京 北京工业大学出版社 2021.5 |
|
| 页数: | 130页 | |
| 开本: | 26cm | |
| 丛书名: | ||
| 单 册: | ||
| 中图分类: | TU113.6 | |
| 科图分类: | ||
| 主题词: | 古建筑--建筑照明--照明设计--研究--中国 | |
| 电子资源: | ||
| ISBN: | 978-7-5639-6603-5 | |
| 000 | 00817nam0 2200229 45 | |
| 001 | 012001002276 | |
| 005 | 20140913155833.0 | |
| 010 | @a978-7-5639-6603-5@dCNY46.00 | |
| 100 | @a20191206d2018 em y0chiy50 ea | |
| 101 | 0 | @achi |
| 102 | @aCN@b110000 | |
| 105 | @aa z 000yy | |
| 106 | @ar | |
| 200 | 1 | @a中国古建筑照明设计与技术研究@Azhong guo gu jian zhu zhao ming she ji yu ji shu yan jiu@b专著@f杨自强著 |
| 210 | @a北京@c北京工业大学出版社@d2021.5 | |
| 215 | @a130页@c图@d26cm | |
| 330 | @a本书共六章,包括中国古建筑照明概述、光的概述、建筑照明灯具、建筑照明手法、中国古建筑照明设计、照明光源对古建筑的影响等内容。 | |
| 606 | 0 | @a古建筑@x建筑照明@x照明设计@x研究@y中国 |
| 690 | @aTU113.6@v5 | |
| 701 | 0 | @a杨自强@Ayang zi qiang@4著 |
| 801 | 0 | @aCN@bBJSDL@c20211011 |
| 905 | @b1339103-6@dTU113.6@e2013@f4 | |
| 中国古建筑照明设计与技术研究/杨自强著.-北京:北京工业大学出版社,2021.5 |
| 130页:图;26cm |
| ISBN 978-7-5639-6603-5:CNY46.00 |
| 本书共六章,包括中国古建筑照明概述、光的概述、建筑照明灯具、建筑照明手法、中国古建筑照明设计、照明光源对古建筑的影响等内容。 |
| ● |
| 相关链接 |
|
|
|
|
正题名:中国古建筑照明设计与技术研究
索取号:TU113.6/2013
 
预约/预借
| 序号 | 登录号 | 条形码 | 馆藏地/架位号 | 状态 | 备注 |
| 1 | 1339103 | 213391033 | 第二样本阅览室/ [索取号:TU113.6/2013] | 在馆 | |
| 2 | 1339104 | 213391042 | 第三借阅区/ [索取号:TU113.6/2013] | 在馆 | |
| 3 | 1339105 | 213391051 | 第三借阅区/ [索取号:TU113.6/2013] | 在馆 | |
| 4 | 1339106 | 213391060 | 第三借阅区/ [索取号:TU113.6/2013] | 在馆 |